<?xml version="1.0" encoding="UTF-8"?>
<collection xmlns="http://www.loc.gov/MARC21/slim">
 <record>
  <leader>01674pmm a22003018a 4500</leader>
  <controlfield tag="001">00030308</controlfield>
  <controlfield tag="005">20171026081022.0</controlfield>
  <controlfield tag="008">130111s2008                  ||||||engsd</controlfield>
  <datafield tag="020" ind1="#" ind2="#">
   <subfield code="a">9780521692854</subfield>
  </datafield>
  <datafield tag="041" ind1="0" ind2="#">
   <subfield code="a">eng</subfield>
  </datafield>
  <datafield tag="082" ind1="1" ind2="4">
   <subfield code="a">428</subfield>
   <subfield code="b">L207S</subfield>
  </datafield>
  <datafield tag="100" ind1="1" ind2="#">
   <subfield code="a">Jones, Leo</subfield>
  </datafield>
  <datafield tag="245" ind1="1" ind2="0">
   <subfield code="h">nguồn liệu điện tử]</subfield>
   <subfield code="a">Let’s talk 2</subfield>
   <subfield code="b">Teacher's Manual. Quizzes and tests .Audio CD</subfield>
   <subfield code="c">Leo Jones</subfield>
  </datafield>
  <datafield tag="250" ind1="#" ind2="#">
   <subfield code="a">2nd ed</subfield>
  </datafield>
  <datafield tag="260" ind1="#" ind2="#">
   <subfield code="a"> New York</subfield>
   <subfield code="b">Cambridge University Press</subfield>
   <subfield code="c">2008</subfield>
  </datafield>
  <datafield tag="300" ind1="#" ind2="#">
   <subfield code="a">1 CD</subfield>
   <subfield code="c">4 3/4 in.</subfield>
   <subfield code="e">sách</subfield>
  </datafield>
  <datafield tag="653" ind1="#" ind2="#">
   <subfield code="a">Anh ngữ thực hành</subfield>
  </datafield>
  <datafield tag="653" ind1="#" ind2="#">
   <subfield code="a">Ngữ pháp</subfield>
  </datafield>
  <datafield tag="653" ind1="#" ind2="#">
   <subfield code="a">Đĩa CD</subfield>
  </datafield>
  <datafield tag="653" ind1="#" ind2="#">
   <subfield code="a">Từ vựng</subfield>
  </datafield>
  <datafield tag="653" ind1="#" ind2="#">
   <subfield code="a">Tiếng Anh</subfield>
  </datafield>
  <datafield tag="852" ind1="#" ind2="#">
   <subfield code="j">DPT.0000471</subfield>
   <subfield code="j">DPT.0000473</subfield>
   <subfield code="j">DPT.0000474</subfield>
   <subfield code="j">DPT.0000476</subfield>
   <subfield code="j">DPT.0000479</subfield>
   <subfield code="j">DPT.0000481</subfield>
   <subfield code="j">DPT.0000482</subfield>
   <subfield code="j">DPT.0000484</subfield>
   <subfield code="j">DPT.0000485</subfield>
   <subfield code="j">DPT.0000489</subfield>
   <subfield code="j">DPT.0000490</subfield>
   <subfield code="j">DPT.0000462</subfield>
   <subfield code="j">DPT.0000464</subfield>
   <subfield code="j">DPT.0000465</subfield>
   <subfield code="j">DPT.0000467</subfield>
   <subfield code="j">DPT.0000460</subfield>
   <subfield code="j">DPT.0000461</subfield>
   <subfield code="j">DPT.0000477</subfield>
   <subfield code="j">DPT.0000478</subfield>
   <subfield code="j">DPT.0000486</subfield>
   <subfield code="j">DPT.0000487</subfield>
   <subfield code="j">DPT.0000312</subfield>
   <subfield code="j">DPT.0000480</subfield>
   <subfield code="j">DPT.0000483</subfield>
   <subfield code="j">DPT.0000488</subfield>
   <subfield code="j">DPT.0000491</subfield>
   <subfield code="j">DPT.0000463</subfield>
   <subfield code="j">DPT.0000466</subfield>
   <subfield code="j">DPT.0000472</subfield>
   <subfield code="j">DPT.0000475</subfield>
  </datafield>
  <datafield tag="852" ind1="#" ind2="#">
   <subfield code="b">Kho đa phương tiện</subfield>
   <subfield code="j">DPT.0000312, DPT.0000460, DPT.0000461, DPT.0000462, DPT.0000463, DPT.0000464, DPT.0000465, DPT.0000466, DPT.0000467, DPT.0000470, DPT.0000471, DPT.0000472, DPT.0000473, DPT.0000474, DPT.0000475, DPT.0000476, DPT.0000477, DPT.0000478, DPT.0000479, DPT.0000480, DPT.0000481, DPT.0000482, DPT.0000483, DPT.0000484, DPT.0000485, DPT.0000486, DPT.0000487, DPT.0000488, DPT.0000489, DPT.0000490, DPT.0000491</subfield>
  </datafield>
  <datafield tag="910" ind1=" " ind2=" ">
   <subfield code="d">11/01/2013</subfield>
  </datafield>
  <datafield tag="980" ind1="#" ind2="#">
   <subfield code="a">Trung tâm Học liệu Lê Vũ Hùng, Trường Đại học Đồng Tháp</subfield>
  </datafield>
 </record>
</collection>
